Artistas musicales españoles III - Estadísticas

Estadísticas generales
  • Esta prueba ha sido intentada 445 veces
  • La puntuación promedio es 8 de 20
Estadísticas de respuestas
Canciones Intérprete % Correcto
Demasiadas mujeres | Tú me dejaste de querer | Los tontos C. Tangana
89%
Chulo | Fiebre | Blin blin Bad Gyal
83%
Fiesta pagana | La costa del silencio | Molinos de viento Mägo de Oz
72%
Colgando en tus manos | Desesperada | Te sigo pensando Marta Sánchez
72%
Sobreviviré | El amor coloca | Óyeme Mónica Naranjo
72%
Y nos dieron las diez | Por el bulevar de los Sueños Rotos | Pongamos que hablo de Madrid Joaquín Sabina
65%
El vals del obrero | Cannabis | Mis colegas Ska-P
59%
¿Y cómo es el? | Un velero llamado Libertad | Me llamas José Luis Perales
52%
El sol no regresa | Me muero | Algo más La Quinta Estación
49%
Escuela de calor | Veneno en la piel | Enamorado de la moda juvenil Radio Futura
39%
Salta | Me vuelvo loco | Dime que me quieres Tequila
39%
Déjame | Sobre un vidrio mojado | Pero a tu lado Los Secretos
37%
Rap bruto | Efectos vocales | Amor libre Nach
23%
Flying Free | Take a Trip | This Is Your Dream DJ Skudero & Xavi Metralla
21%
Piensa en mí | No me importa nada | Entre mis recuerdos Luz Casal
19%
Abre la puerta | Tu frialdad | En el lago Triana
13%
Esa carita que me llevas | Crazy | Qué dice la juventud Locoplaya
10%
Slowly | Sin tu latido | Una de dos Luis Eduardo Aute
7%
Technovision | Suspense | Me estoy volviendo loco Azul y Negro
6%
A la lima y al limón | Tatuaje | Ojos verdes Conchita Piquer
5%
No se encontraron pruebas coincidentes
Distribución de puntuación
Porcentaje de gente con cada puntuación
Porcentaje por número respondido
Historial de tus puntuaciones
No has intentado esta prueba.